What makes a leader?
The Harvard Business Review Classics series offers you the opportunity to make seminal Harvard Business Review articles a part of your permanent management library. Each highly readable volume contains a groundbreaking idea that continues to shape best practices and inspire countless managers around...
Đã lưu trong:
| Tác giả chính: | |
|---|---|
| Định dạng: | Sách |
| Ngôn ngữ: | Undetermined |
| Được phát hành: |
Boston
Harvard Business Review Press
2017
|
| Những chủ đề: | |
| Các nhãn: |
Thêm thẻ
Không có thẻ, Là người đầu tiên thẻ bản ghi này!
|
| Thư viện lưu trữ: | Trung tâm Học liệu Trường Đại học Cần Thơ |
|---|
| LEADER | 00894nam a2200193Ia 4500 | ||
|---|---|---|---|
| 001 | CTU_231334 | ||
| 008 | 210402s9999 xx 000 0 und d | ||
| 082 | |a 658.4092 | ||
| 082 | |b G625 | ||
| 100 | |a Goleman, Daniel | ||
| 245 | 0 | |a What makes a leader? | |
| 245 | 0 | |c Daniel Goleman | |
| 260 | |a Boston | ||
| 260 | |b Harvard Business Review Press | ||
| 260 | |c 2017 | ||
| 520 | |a The Harvard Business Review Classics series offers you the opportunity to make seminal Harvard Business Review articles a part of your permanent management library. Each highly readable volume contains a groundbreaking idea that continues to shape best practices and inspire countless managers around the world―and will have a direct impact on you today and for years to come. | ||
| 650 | |a Khả năng lãnh đạo,Leadership | ||
| 910 | |b vtbtruc | ||
| 980 | |a Trung tâm Học liệu Trường Đại học Cần Thơ | ||